Green Building Design and Construction for a Sustainable Future / (Record no. 8736)

MARC details
000 -LEADER
fixed length control field 00729nam a22001817a 4500
003 - CONTROL NUMBER IDENTIFIER
control field OSt
005 - DATE AND TIME OF LATEST TRANSACTION
control field 20260405103042.0
008 - FIXED-LENGTH DATA ELEMENTS--GENERAL INFORMATION
fixed length control field 260405b |||||||| |||| 00| 0 eng d
020 ## - INTERNATIONAL STANDARD BOOK NUMBER
International Standard Book Number 9783725845750
040 ## - CATALOGING SOURCE
Transcribing agency n
082 ## - DEWEY DECIMAL CLASSIFICATION NUMBER
Classification number 690 G826 2025
245 ## - TITLE STATEMENT
Title Green Building Design and Construction for a Sustainable Future /
Remainder of title Editors: Yongtao Tan (Guest Editor), Peng Mao (Guest Editor), Xiaolong Gan (Guest Editor)
260 ## - PUBLICATION, DISTRIBUTION, ETC.
Name of publisher, distributor, etc. MDPI AG. 2025
300 ## - PHYSICAL DESCRIPTION
Extent 298 pages ; hardcover ; English
650 ## - SUBJECT ADDED ENTRY--TOPICAL TERM
Topical term or geographic name entry element Green building – Sustainable construction – Environmental design – Energy efficiency in buildings
700 ## - ADDED ENTRY--PERSONAL NAME
Personal name Yongtao Tan (Guest Editor), Peng Mao (Guest Editor), Xiaolong Gan (Guest Editor)
942 ## - ADDED ENTRY ELEMENTS (KOHA)
Source of classification or shelving scheme Dewey Decimal Classification
Koha item type English Book
Suppress in OPAC No
Holdings
Withdrawn status Lost status Source of classification or shelving scheme Damaged status Not for loan Home library Current library Date acquired Total Checkouts Full call number Barcode Date last seen Price effective from Koha item type
    Dewey Decimal Classification     CENTRAL TUWAIQ 04/05/2026   690 G826 2025 1000000029045 04/05/2026 04/05/2026 English Book